000 00527 a2200169 4500
999 _c30276
_d30276
003 NUST
005 20180118114715.0
008 180118b xxu||||| |||| 00| 0 eng d
020 _a019856676X
020 _a9780198566762
082 _a530.13
100 1 _aSethna, James P.
_98627
245 1 0 _aStatistical mechanics :
_bentropy, order parameters and complexity /
_cJames P. Sethna.
260 _a[S.l.] :
_bOxford University Press, USA,
_c2006.
300 _a376 p. ;
_c25 cm.
490 1 _aOxford master series in physics.
830 0 _aOxford master series in physics.
_98628
942 _aSNS
_cBK
_k530.13 SET
_2ddc